| 000 | 004090000a22001690004500 | ||
|---|---|---|---|
| 003 | MACL | ||
| 005 | 20160108131209.0 | ||
| 008 | 160108b xxu||||| |||| 00| 0 eng d | ||
| 040 |
_aMACL _cMACL |
||
| 041 | _aEnglish | ||
| 082 | _a910/SOM | ||
| 100 |
_aSomerset, W. _929658 |
||
| 245 | _aThe Travel Books | ||
| 260 |
_bWilliam Heibemann _c1955 _aLondon |
||
| 650 |
_aTravel _929659 |
||
| 942 |
_cBK _k910/Som _2ddc |
||
| 999 |
_c34700 _d34700 |
||